000 00809cab a2200205 4500
001 ABS55668
008 090401t1996 xxu||||| |||| 00| 0 eng d
035 _a(Sirsi) u17898
041 _aeng
245 _aComputerised maintenance management systems: do they do the job?
260 _c1996
350 _a0
490 _aRICS Research Findings
_v(3) August 1996, (4)
520 _aSummarises "Computerised maintenance management systems" (University of Greenwich, School of Land and Construction Management 0181-331-9260). RICS sponsored research. Summary available free of charge from Stephen Brown, Research Officer 0171-334-3725)
650 _aRefurbishment
_96264
650 _aCOMPUTERISED MAINTENANCE MANAGEMENT
690 _aCOMMERCIAL PROPERTY-MANAGEMENT
942 _n0
948 _c04/03/1997
999 _c11871
_d11871